Distressing days of the judges / (Record no. 10218)

MARC details
000 -LEADER
fixed length control field 01161cam a2200277 i 4500
001 - CONTROL NUMBER
control field 1621921
003 - CONTROL NUMBER IDENTIFIER
control field OCoLC
005 - DATE AND TIME OF LATEST TRANSACTION
control field 20241126110727.0
008 - FIXED-LENGTH DATA ELEMENTS--GENERAL INFORMATION
fixed length control field 750815s1975 miua b 001 0deng
010 ## -
-- 74025348
040 ## - CATALOGING SOURCE
Original cataloging agency DLC
Language of cataloging eng
Transcribing agency DLC
Modifying agency BTCTA
-- LVB
-- CWS
-- OCLCO
-- HNW
-- OCLCA
043 ## -
-- a-is---
050 0# -
-- BS1305.2
-- .W66
082 ## - DEWEY DECIMAL CLASSIFICATION NUMBER
Classification number 222.3095
Item number WOO
100 1# - MAIN ENTRY--PERSONAL NAME
Personal name Wood, Leon James.
9 (RLIN) 26
245 10 - TITLE STATEMENT
Title Distressing days of the judges /
Statement of responsibility, etc. Leon Wood.
260 ## - PUBLICATION, DISTRIBUTION, ETC.
Place of publication, distribution, etc. Grand Rapids, Mich. :
Name of publisher, distributor, etc. Zondervan Pub. House,
Date of publication, distribution, etc. c1975.
300 ## - PHYSICAL DESCRIPTION
Extent 434 p. :
Other physical details ill. ;
Dimensions 23 cm.
500 ## - GENERAL NOTE
General note Includes indexes.
504 ## - BIBLIOGRAPHY, ETC. NOTE
Bibliography, etc. note Bibliography: p. 404-407.
505 0# - FORMATTED CONTENTS NOTE
Formatted contents note Identification -- Rationale -- The great potential -- The world of the day -- The oppressing nations -- Conquest blessings -- Sin -- The first three judges -- Deborah and Barak -- Gideon -- Abimelech, Renegade King -- Ruth and five minor judges -- Jephthah -- Samson -- Eli and his times -- Samuel.
630 00 - SUBJECT ADDED ENTRY--UNIFORM TITLE
Uniform title Bible.
Name of part/section of a work Judges
General subdivision History of Biblical events.
9 (RLIN) 17745
630 00 - SUBJECT ADDED ENTRY--UNIFORM TITLE
Uniform title Bible.
Name of part/section of a work Joshua
General subdivision History of Biblical events.
9 (RLIN) 17746
650 #0 - SUBJECT ADDED ENTRY--TOPICAL TERM
Topical term or geographic name entry element Jews
General subdivision History
Chronological subdivision 1200-953 B.C.
9 (RLIN) 17747
942 ## - ADDED ENTRY ELEMENTS (KOHA)
Source of classification or shelving scheme Dewey Decimal Classification
Koha item type Books
Holdings
Withdrawn status Lost status Source of classification or shelving scheme Damaged status Not for loan Home library Current Library Shelving location Date acquired Total checkouts Full call number Barcode Date last seen Date last checked out Copy number Price effective from Koha item type
    Dewey Decimal Classification     GRACE BIBLE COLLEGE GRACE BIBLE COLLEGE Biblical Studies 2024-05-01 1 222.3095 WOO 016650 2025-05-01 2025-01-16 c.1 2024-05-01 Books
© Grace Bible College Library 2025